| 000 | 01709nam a2200349 i 4500 | ||
|---|---|---|---|
| 003 | EG-ScBUE | ||
| 005 | 20231219121538.0 | ||
| 008 | 110828s1993 ua f b 000 0 ara d | ||
| 017 | _a1993 / 2700 | ||
| 020 | _a9770132985 | ||
| 040 |
_aEG-ScBUE _bara _erda _cEG-ScBUE _dEG-ScBUE |
||
| 041 | 1 |
_aara _heng |
|
| 043 | _af-ua--- | ||
| 082 | 0 | 4 |
_222 _a962.03 _bج و ن |
| 100 | 1 |
_926940 _aجونيور، جاك كرابس، _d1938- _eمؤلف. |
|
| 240 | 1 | 0 |
_aWriting of history in nineteenth century Egypt : a study in national transformation. _lArabic |
| 245 | 1 | 0 |
_aكتابة التاريخ في مصر القرن التاسع عشر : _bدراسة في التحول الوطني / _cتأليف جاك كرابس جونيور ؛ ترجمة وتعليق د. عبد الوهاب بكر. |
| 264 | 1 |
_aالقاهرة : _bالهيئة المصرية العامة للكتاب، _c1993. |
|
| 300 |
_a215 صفحة ؛ _c24 سم |
||
| 336 |
_2rdacontent _aنص _btxt |
||
| 337 |
_aبدون وسيط _2rdamedia _bn |
||
| 338 |
_aمجلد _bnc _2rdacarrier |
||
| 504 | _aيشتمل على إرجاعات ببليوجرافية. | ||
| 546 | _aالنص باللغة العربية وتم ترجمته من اللغة الإنجليزية. | ||
| 651 | 7 |
_2BUEsh _aمصر _xتاريخ _yالحملة الفرنسية (1798-1801 م.). |
|
| 651 | 7 |
_2BUEsh _aمصر _xتاريخ _yالعصر الحديث _yالاحتلال البريطاني (1882-1956). |
|
| 651 | 7 |
_2BUEsh _aمصر _xتاريخ _yالعصر الحديث _yعصر محمد علي (1805-1849). |
|
| 653 | _cAugust2011 | ||
| 655 | _vReading book | ||
| 700 | 1 |
_926943 _aبكر، عبد الوهاب، _eمترجم، _eمعلق. |
|
| 942 |
_2ddc _cBB |
||
| 999 |
_c15932 _d15932 |
||